Resoluciones

Guardado en:
Bibliografiske detaljer
Format: Texto
Udgivet: San José: EUCR
Fag:
Tags: Tilføj Tag
Ingen Tags, Vær først til at tagge denne postø!

MARC

LEADER 00000 a a2200000 04500
001 28724
003
040
090 |a 189701  
245 |a Resoluciones  
260 |a San José:   |b EUCR  
300 |a 41 p  
650 |a UNIVERSIDADES  
650 |a RESOLUCIONES  
650 |a FUNCION PUBLICA  
650 |a MEDIO AMBIENTE  
999 |c 15790  |d 15790